书目信息 |
| 题名: |
石述思说中国
|
|
| 作者: | 石述思 著 | |
| 分册: | ||
| 出版信息: | 北京 九州出版社 2013.01 |
|
| 页数: | 328页 | |
| 开本: | 24cm | |
| 丛书名: | ||
| 单 册: | ||
| 中图分类: | D609.9 | |
| 科图分类: | ||
| 主题词: | 时事评论--中国--文集 , 时事评论 | |
| 电子资源: | ||
| ISBN: | 978-7-5108-1850-9 | |
| 000 | 00802nam0 2200253 450 | |
| 001 | 010050020225 | |
| 005 | 20130608083609.67 | |
| 010 | @a978-7-5108-1850-9@dCNY38.00 | |
| 100 | @a20121221d2013 em y0chiy50 ea | |
| 101 | 0 | @achi |
| 102 | @aCN@b110000 | |
| 105 | @ay z 000yy | |
| 106 | @ar | |
| 200 | 1 | @a石述思说中国@9shi shu si shuo zhong guo@e中国各阶层矛盾分析@f石述思著 |
| 210 | @a北京@c九州出版社@d2013.01 | |
| 215 | @a328页@d24cm | |
| 330 | @a本书共分为六编,主要内容包括:价值之辩;贫富之殇;教育之考;文化之论;政策之思;时事随笔。 | |
| 517 | 1 | @a中国各阶层矛盾分析@9zhong guo ge jie ceng mao dun fen xi |
| 606 | 0 | @a时事评论@y中国@j文集 |
| 606 | 0 | @a时事评论 |
| 690 | @aD609.9@v5 | |
| 701 | 0 | @a石述思@9shi shu si@4著 |
| 801 | 0 | @aCN@bRENTIAN@c20121221 |
| 905 | @dD609.9@e113 | |
| 石述思说中国:中国各阶层矛盾分析/石述思著.-北京:九州出版社,2013.01 |
| 328页;24cm |
| ISBN 978-7-5108-1850-9:CNY38.00 |
| 本书共分为六编,主要内容包括:价值之辩;贫富之殇;教育之考;文化之论;政策之思;时事随笔。 |
| ● |
| 相关链接 |
|
|
|
|
正题名:石述思说中国
索取号:D609.9/113
 
预约/预借
| 序号 | 登录号 | 条形码 | 馆藏地/架位号 | 状态 | 备注 |
| 1 | 0544003 | 205440030 | 第一样本阅览室/ [索取号:D609.9/113] | 在馆 | |
| 2 | 0544004 | 205440049 | 史法系资料室/ [索取号:D609.9/113] | 在馆 | |
| 3 | 0544005 | 205440058 | 第一借阅区/ [索取号:D609.9/113] | 在馆 | |
| 4 | 0544006 | 205440067 | 第一借阅区/ [索取号:D609.9/113] | 在馆 | |
| 5 | 0544007 | 205440076 | 第一借阅区/ [索取号:D609.9/113] | 在馆 |